[Event "European Youth Chess Championship B8"]
[Site "Prague, Top Hotel Prague"]
[Date "2016.08.21"]
[Round "4.12"]
[White "Razhbadinov, Rasul"]
[Black "Orujov, Farid"]
[Result "1-0"]
[WhiteElo "1263"]
[BlackElo "1462"]
[PlyCount "87"]
[EventDate "2016.08.18"]

1. e4 c5 2. Nf3 d6 3. d4 cxd4 4. Nxd4 Nf6 5. Nc3 g6 6. Be3 Bg7 7. f3 O-O 8. Qd2
Nc6 9. Bc4 Bd7 10. O-O-O Rc8 11. Bb3 Ne5 12. h4 a5 13. Bg5 Nc4 14. Bxc4 Rxc4
15. h5 Nxh5 16. Nde2 Re8 17. g4 Nf6 18. e5 dxe5 19. Bxf6 Bxf6 20. g5 Bg7 21.
Qxd7 Qc8 22. Qxc8 Rexc8 23. Rd7 b5 24. Rd2 R4c5 25. Rd5 e6 26. Rxc5 Rxc5 27.
Ne4 Rc6 28. Rd1 Kf8 29. Rd6 Rxd6 30. Nxd6 b4 31. Nc4 Ke7 32. Nxa5 Kd6 33. Kd2
Kd5 34. Kd3 h6 35. c4+ bxc3 36. Nxc3+ Kc5 37. Nb3+ Kd6 38. Ne4+ Kc6 39. a4 h5
40. Nbd2 h4 41. Kc4 h3 42. Nf1 Bf8 43. Nf2 Kb6 44. Nxh3 1-0

[Event "European Youth Chess Championship B8"]
[Site "Prague, Top Hotel Prague"]
[Date "2016.08.21"]
[Round "4.13"]
[White "Cohen, Elad"]
[Black "Warchol, Kamil"]
[Result "1-0"]
[WhiteElo "1456"]
[BlackElo "1202"]
[PlyCount "45"]
[EventDate "2016.08.18"]

1. e4 e5 2. Nf3 Nc6 3. Bb5 a6 4. Bxc6 dxc6 5. Nc3 Bd6 6. d4 exd4 7. Qxd4 Be6 8.
Qxg7 Qf6 9. Qxf6 Nxf6 10. e5 Be7 11. exf6 Bxf6 12. Bd2 Rg8 13. O-O-O Rxg2 14.
Rhg1 Bh3 15. Rxg2 Bxg2 16. Rg1 Kd7 17. Rxg2 Re8 18. Ng5 Bxg5 19. Rxg5 Re6 20.
Rg7 Rf6 21. Be3 Ke6 22. Ne4 Rg6 23. Rxg6+ 1-0

[Event "European Youth Chess Championship B8"]
[Site "Prague, Top Hotel Prague"]
[Date "2016.08.21"]
[Round "4.14"]
[White "Zieba, Hubert"]
[Black "Gungor, Cihan Akif"]
[Result "1-0"]
[WhiteElo "1142"]
[BlackElo "1451"]
[PlyCount "69"]
[EventDate "2016.08.18"]

1. c4 d5 2. cxd5 Nf6 3. Nc3 Nxd5 4. g3 Nc6 5. Bg2 e6 6. Nf3 Bc5 7. O-O O-O 8.
a3 b6 9. d4 Be7 10. Nxd5 exd5 11. b4 Bb7 12. Bb2 Re8 13. Rc1 Bf6 14. e3 Qd6 15.
Qd2 Ba6 16. Rfd1 Bc4 17. Qc2 a5 18. bxa5 Nxa5 19. Nd2 c6 20. Bf1 Bxf1 21. Kxf1
Rec8 22. Nb3 Nc4 23. Ra1 g6 24. Nd2 Nxa3 25. Bxa3 Rxa3 26. Qb2 Rxa1 27. Rxa1 b5
28. Ra6 Rb8 29. Kg2 Qd7 30. Nb3 Be7 31. Qa2 Kg7 32. Qa5 Rd8 33. Qa2 Rc8 34. Nc5
Qc7 35. Ra7 {n.r.} 1-0

[Event "European Youth Chess Championship B8"]
[Site "Prague, Top Hotel Prague"]
[Date "2016.08.21"]
[Round "4.17"]
[White "Tetyuev, Stepan"]
[Black "Cvetkovski, Gjorgji"]
[Result "1-0"]
[WhiteElo "1350"]
[BlackElo "1128"]
[PlyCount "33"]
[EventDate "2016.08.18"]

1. e4 e5 2. Nf3 Nc6 3. Bc4 Bc5 4. Nc3 Nf6 5. d3 d6 6. h3 h6 7. a3 O-O 8. g4 Be6
9. g5 hxg5 10. Bxg5 Bxc4 11. dxc4 Re8 12. Nd5 Kf8 13. Bxf6 gxf6 14. Nh4 Nd4 15.
Qh5 Nxc2+ 16. Kd2 Nxa1 17. Qh8# 1-0

[Event "European Youth Chess Championship B8"]
[Site "Prague, Top Hotel Prague"]
[Date "2016.08.21"]
[Round "4.25"]
[White "Antoniou, Rafail"]
[Black "Medovoy, Yaniv"]
[Result "0-1"]
[WhiteElo "1158"]
[BlackElo "1441"]
[PlyCount "68"]
[EventDate "2016.08.18"]

1. e4 c5 2. Nf3 a6 3. Bc4 e6 4. O-O b5 5. Be2 d6 6. d4 cxd4 7. Nxd4 Nf6 8. Bd3
Be7 9. Qf3 O-O 10. Re1 Bb7 11. Bd2 Nbd7 12. Nc3 Ne5 13. Qd1 Qc7 14. h3 Rac8 15.
f4 Ned7 16. f5 e5 17. Nf3 Rfe8 18. g4 Nc5 19. g5 b4 20. Nb1 Nfxe4 21. Qe2 Qd8
22. Qg2 Nxg5 23. Bxg5 Bxg5 24. Bc4 Bxf3 25. Qxf3 e4 26. Qh5 d5 27. Bxd5 Qxd5
28. Qxg5 Qd4+ 29. Qe3 Qxb2 30. f6 Qxa1 31. fxg7 Qxg7+ 32. Kh1 Re6 33. h4 Rf6
34. h5 Rf3 0-1

[Event "European Youth Chess Championship B8"]
[Site "Prague, Top Hotel Prague"]
[Date "2016.08.22"]
[Round "5.1"]
[White "Wielgus, Wojciech"]
[Black "Pingin, Artem"]
[Result "0-1"]
[WhiteElo "1151"]
[BlackElo "1560"]
[PlyCount "54"]
[EventDate "2016.08.18"]

1. e4 c5 2. Nf3 d6 3. d4 cxd4 4. Nxd4 Nf6 5. Nc3 a6 6. Be3 e6 7. f3 Be7 8. g4
Nc6 9. Qd2 Nxd4 10. Bxd4 b5 11. O-O-O Bb7 12. h4 e5 13. Be3 Qa5 14. Kb1 Rc8 15.
h5 b4 16. Ne2 Nxe4 17. fxe4 Bxe4 18. Rc1 Bxh1 19. Bh3 Bd5 20. b3 Be6 21. Rf1
Qb5 22. Ng3 a5 23. Qf2 Bh4 24. Rc1 a4 25. Qg2 Bxg3 26. Qxg3 axb3 27. axb3 Qa5
0-1

[Event "European Youth Chess Championship B8"]
[Site "Prague, Top Hotel Prague"]
[Date "2016.08.22"]
[Round "5.2"]
[White "Mogirzan, Matei-Valeriu"]
[Black "Pashikyan, Rudolf"]
[Result "1-0"]
[WhiteElo "1475"]
[BlackElo "1465"]
[PlyCount "123"]
[EventDate "2016.08.18"]

1. e4 e5 2. Nf3 Nc6 3. Bc4 Bc5 4. c3 Nf6 5. d3 a6 6. Bb3 d6 7. h3 h6 8. Nbd2
O-O 9. Nf1 Ne7 10. Ng3 Ng6 11. O-O Re8 12. Bd2 c6 13. Qc1 d5 14. d4 Bf8 15.
dxe5 Nxe5 16. Nxe5 Rxe5 17. f4 Re8 18. e5 Nh7 19. Bc2 Bc5+ 20. Kh2 Nf8 21. Be3
Bxe3 22. Qxe3 Be6 23. f5 Bd7 24. f6 gxf6 25. Qxh6 Rxe5 26. Nh5 Rxh5 27. Qxh5
Qc7+ 28. Kh1 Qe5 29. Bf5 Ne6 30. Rae1 Qg3 31. Qh7+ Kf8 32. Bxe6 Bxe6 33. Qh8+
Qg8 34. Qxf6 Ke8 35. Rf3 Kd7 36. Qe5 Qh7 37. Rf6 Rg8 38. Rxe6 fxe6 39. Qxe6+
Kd8 40. Qd6+ Qd7 41. Qxd7+ Kxd7 42. g4 b5 43. Kg2 Rg7 44. b4 Kd6 45. Kg3 c5 46.
bxc5+ Kxc5 47. h4 Kc4 48. Re3 a5 49. a3 Kb3 50. h5 Kxa3 51. c4+ Kb2 52. cxb5 a4
53. Rd3 a3 54. Rxd5 a2 55. Rd2+ Kb1 56. Rxa2 Kxa2 57. Kh4 Kb3 58. g5 Kc4 59. h6
Rg8 60. Kh5 Kd5 61. g6 Ra8 62. g7 1-0

[Event "European Youth Chess Championship B8"]
[Site "Prague, Top Hotel Prague"]
[Date "2016.08.22"]
[Round "5.3"]
[White "Abasov, Yusif"]
[Black "Thatte, Nishchal"]
[Result "0-1"]
[WhiteElo "1398"]
[BlackElo "1397"]
[PlyCount "76"]
[EventDate "2016.08.18"]

1. e4 e6 2. d4 d5 3. Nc3 Bb4 4. Bd2 dxe4 5. Nge2 Bxc3 6. Bxc3 Nf6 7. g3 b6 8.
Bg2 Bb7 9. O-O O-O 10. Re1 Ne8 11. Nf4 Nf6 12. Ne2 Nbd7 13. Bd2 c5 14. Bf4 Qe7
15. dxc5 Rfd8 16. Bc7 Rdc8 17. Bd6 Qd8 18. cxb6 Qxb6 19. Ba3 e3 20. Qd4 exf2+
21. Qxf2 Qxf2+ 22. Kxf2 Ng4+ 23. Kg1 Bxg2 24. Kxg2 Ne3+ 25. Kf3 Nxc2 26. Rad1
Nxe1+ 27. Rxe1 Ne5+ 28. Kg2 Rc2 29. Kf1 Nf3 30. Rd1 Nxh2+ 31. Ke1 Nf3+ 32. Kf2
Rd2 33. Rxd2 Nxd2 34. Nd4 Nc4 35. Bc5 Nxb2 36. Ke3 e5 37. Nc6 f6 38. Bd6 Nc4+
0-1

[Event "European Youth Chess Championship B8"]
[Site "Prague, Top Hotel Prague"]
[Date "2016.08.22"]
[Round "5.4"]
[White "Wierzbicki, Dawid"]
[Black "Hartofylakas, Spyros"]
[Result "1-0"]
[WhiteElo "1391"]
[BlackElo "1254"]
[PlyCount "113"]
[EventDate "2016.08.18"]

1. e4 e5 2. Nf3 Nc6 3. Bc4 Bc5 4. O-O Nf6 5. d3 h6 6. c3 O-O 7. Nbd2 d6 8. h3
Bb6 9. Bb3 Be6 10. Nc4 Qd7 11. Kh2 Rad8 12. Be3 Rfe8 13. a4 Bxc4 14. Bxc4 d5
15. exd5 Nxd5 16. Bxb6 Nxb6 17. Bb5 a6 18. Bxc6 Qxc6 19. Re1 Qd6 20. Kg1 Nd5
21. d4 e4 22. Ne5 Qb6 23. Qc2 Nf6 24. b4 Qa7 25. Qb3 Re7 26. Rad1 Rc8 27. a5
Qa8 28. Ng6 Ree8 29. Ne5 Re7 30. c4 b6 31. c5 bxc5 32. bxc5 Qd5 33. Qxd5 Nxd5
34. Rb1 Nc3 35. Rb3 Nb5 36. Nc6 Re6 37. d5 Ree8 38. Rbe3 Kf8 39. Rxe4 Nc3 40.
Rxe8+ Rxe8 41. Rxe8+ Kxe8 42. Nb4 Kd7 43. f3 Kc8 44. Kf2 Kb7 45. Ke3 Nb5 46.
Ke4 Na3 47. Kd4 Nb5+ 48. Ke5 Na3 49. d6 cxd6+ 50. Kxd6 Nc4+ 51. Kd7 Ne5+ 52.
Ke7 Nc6+ 53. Nxc6 Kxc6 54. Kxf7 Kxc5 55. Kxg7 Kb5 56. f4 Kxa5 57. f5 1-0

[Event "European Youth Chess Championship B8"]
[Site "Prague, Top Hotel Prague"]
[Date "2016.08.22"]
[Round "5.5"]
[White "Ivanov, Svetlen"]
[Black "Tetyuev, Stepan"]
[Result "1-0"]
[WhiteElo "1646"]
[BlackElo "1350"]
[PlyCount "33"]
[EventDate "2016.08.18"]

1. d4 Nf6 2. c4 g6 3. Nc3 d5 4. Nf3 Bg7 5. Bg5 Ne4 6. cxd5 Nxg5 7. Nxg5 e6 8.
Qd2 exd5 9. Qe3+ Kf8 10. Qf4 Bf6 11. h4 a6 12. e4 dxe4 13. Bc4 Qe7 14. Nxf7 Rg8
15. Ng5 Rg7 16. Nd5 Qd6 17. Qxf6+ 1-0

[Event "European Youth Chess Championship B8"]
[Site "Prague, Top Hotel Prague"]
[Date "2016.08.22"]
[Round "5.6"]
[White "Costa, Leonardo"]
[Black "Milanovic, Marko"]
[Result "0-1"]
[WhiteElo "1600"]
[BlackElo "1372"]
[PlyCount "62"]
[EventDate "2016.08.18"]

1. e4 e5 2. Nf3 Nc6 3. Bc4 Nf6 4. d3 Bc5 5. c3 O-O 6. Nbd2 a5 7. O-O d6 8. Bb3
b5 9. h3 Be6 10. Re1 Re8 11. Nf1 d5 12. exd5 Bxd5 13. Ng3 Qd7 14. Bg5 a4 15.
Bc2 Qd8 16. Nh5 Be7 17. Nxe5 Bxg2 18. Nxf6+ gxf6 19. Kxg2 Nxe5 20. d4 Ng6 21.
Bh6 Kh8 22. Qd3 Rg8 23. Kf1 Qd6 24. Bf4 Qxf4 25. Rxe7 Qh2 26. Qe4 Qxh3+ 27. Ke2
Nxe7 28. Rh1 Qg4+ 29. Qxg4 Rxg4 30. Rxh7+ Kg8 31. Kf3 Rg7 0-1

[Event "European Youth Chess Championship B8"]
[Site "Prague, Top Hotel Prague"]
[Date "2016.08.22"]
[Round "5.7"]
[White "Habans, Aguerrea Javier"]
[Black "Vafin, Tagir"]
[Result "1/2-1/2"]
[WhiteElo "1544"]
[BlackElo "1346"]
[PlyCount "49"]
[EventDate "2016.08.18"]

1. d4 d5 2. Nf3 Nf6 3. e3 e6 4. Bd3 c5 5. c3 Nc6 6. Nbd2 Bd6 7. O-O O-O 8. dxc5
Bxc5 9. e4 dxe4 10. Nxe4 Nxe4 11. Bxe4 Ne7 12. Qc2 h6 13. Bf4 f5 14. Bd3 Nc6
15. Bg3 Qf6 16. Rfe1 Re8 17. Bxf5 Ne7 18. Bh7+ Kh8 19. Be5 Qf7 20. Be4 Bb6 21.
Qd2 Kg8 22. Rad1 Nf5 23. Qf4 Rf8 24. Nd2 Qe7 25. Re2 {n.r.} 1/2-1/2

[Event "European Youth Chess Championship B8"]
[Site "Prague, Top Hotel Prague"]
[Date "2016.08.22"]
[Round "5.8"]
[White "Borowik, Wojciech"]
[Black "Todev, Simeon"]
[Result "1-0"]
[WhiteElo "1347"]
[BlackElo "1498"]
[PlyCount "39"]
[EventDate "2016.08.18"]

1. d4 Nf6 2. c4 c5 3. Nf3 cxd4 4. Nxd4 g6 5. Nc3 Bg7 6. Bg5 d6 7. e3 O-O 8. Bd3
Nc6 9. Nxc6 bxc6 10. O-O Bb7 11. Qc2 Rc8 12. Rac1 Qd7 13. h3 d5 14. c5 e5 15.
Bxf6 Bxf6 16. Rfd1 e4 17. Be2 Qe7 18. b4 g5 19. a4 a5 20. Re1 1-0

[Event "European Youth Chess Championship B8"]
[Site "Prague, Top Hotel Prague"]
[Date "2016.08.22"]
[Round "5.9"]
[White "Fizer, Marek"]
[Black "Cohen, Elad"]
[Result "0-1"]
[WhiteElo "1297"]
[BlackElo "1456"]
[PlyCount "138"]
[EventDate "2016.08.18"]

1. e4 e5 2. Nf3 Nc6 3. Bb5 d6 4. c3 Nf6 5. d3 Be7 6. O-O O-O 7. Re1 Bg4 8. Be3
d5 9. exd5 Qxd5 10. Bc4 Qd6 11. Nbd2 a6 12. Nf1 Rfd8 13. h3 Bxf3 14. Qxf3 Na5
15. Bb3 Qxd3 16. Rad1 Qe4 17. Qg3 Nh5 18. Qh2 Rxd1 19. Bxd1 Nf4 20. Bf3 Qc2 21.
Bxf4 exf4 22. Rxe7 Qc1 23. Bd5 Rd8 24. g3 c6 25. Qg2 Qd1 26. Qe4 g6 27. Bxf7+
Kf8 28. Qe6 Qd6 29. Qxd6 Rxd6 30. Re5 b5 31. Be6 Ke7 32. Bg4+ Kf6 33. gxf4 Nc4
34. Re2 h5 35. Bc8 Rd8 36. Be6 Nb6 37. Ng3 h4 38. Nf1 Rd6 39. Bg4 Nd5 40. Nd2
Kf7 41. Ne4 Rd8 42. Ng5+ Kg8 43. Re6 Nxf4 44. Rf6 Rf8 45. Rxf8+ Kxf8 46. Ne6+
Nxe6 47. Bxe6 Ke7 48. Bc8 a5 49. Ba6 Kd7 50. Kg2 Kc7 51. Kf3 Kb6 52. Kg4 Kxa6
53. Kxh4 c5 54. Kg5 c4 55. Kxg6 b4 56. f4 a4 57. cxb4 a3 58. f5 axb2 59. f6
b1=Q+ 60. Kg7 Qg1+ 61. Kf8 c3 62. f7 c2 63. Ke8 c1=Q 64. f8=Q Qc8+ 65. Ke7 Qe3+
66. Kf7 Qf4+ 67. Kg6 Qcxf8 68. b5+ Kb7 69. a4 Q4f5# 0-1

[Event "European Youth Chess Championship B8"]
[Site "Prague, Top Hotel Prague"]
[Date "2016.08.22"]
[Round "5.11"]
[White "Magold, Filip"]
[Black "Razhbadinov, Rasul"]
[Result "1/2-1/2"]
[WhiteElo "1431"]
[BlackElo "1263"]
[PlyCount "67"]
[EventDate "2016.08.18"]

1. d4 d5 2. c4 e6 3. Nc3 Nf6 4. Bg5 Be7 5. e3 O-O 6. Nf3 Nbd7 7. Bd3 a6 8. cxd5
exd5 9. O-O b5 10. Qb3 Bb7 11. Rfe1 c5 12. Qc2 c4 13. Bf5 b4 14. Ne2 h6 15. Bh4
Bc6 16. h3 Qa5 17. Ne5 Qc7 18. Bg3 Bd6 19. Nxd7 Bxd7 20. Nf4 Rfb8 21. Bxd7 Qxd7
22. e4 Nxe4 23. Nxd5 Nxg3 24. fxg3 Bxg3 25. Ne7+ Kf8 26. Qh7 Be5 27. dxe5 Kxe7
28. Qxg7 Qe6 29. Qg3 Rg8 30. Qe3 Qc6 31. Qe4 Rac8 32. Rac1 Rg6 33. Qe2 Rcg8 34.
g4 {n.r.} 1/2-1/2

[Event "European Youth Chess Championship B8"]
[Site "Prague, Top Hotel Prague"]
[Date "2016.08.22"]
[Round "5.12"]
[White "Sepiashvili, Ivan"]
[Black "Zieba, Hubert"]
[Result "1/2-1/2"]
[WhiteElo "1401"]
[BlackElo "1142"]
[PlyCount "60"]
[EventDate "2016.08.18"]

1. e4 c5 2. Nf3 Nc6 3. d4 cxd4 4. Nxd4 g6 5. Nc3 Bg7 6. Be3 Nf6 7. Bc4 O-O 8.
Bb3 d6 9. f3 Bd7 10. Qd2 Qa5 11. O-O-O Rfc8 12. h4 Ne5 13. h5 Nxh5 14. g4 Nf6
15. Bh6 Bxh6 16. Qxh6 Rxc3 17. bxc3 Qxc3 18. g5 Nh5 19. Rxh5 gxh5 20. Nf5 Bxf5
21. exf5 Qa1+ 22. Kd2 Nxf3+ 23. Ke2 Nd4+ 24. Rxd4 Qxd4 25. g6 Qe4+ 26. Kd2 Qd4+
27. Ke2 Qe4+ 28. Kd2 Qd4+ 29. Kc1 Qa1+ 30. Kd2 Qd4+ 1/2-1/2

[Event "European Youth Chess Championship B8"]
[Site "Prague, Top Hotel Prague"]
[Date "2016.08.22"]
[Round "5.15"]
[White "Medovoy, Yaniv"]
[Black "Pham, Chi Cuong"]
[Result "0-1"]
[WhiteElo "1441"]
[BlackElo "1313"]
[PlyCount "64"]
[EventDate "2016.08.18"]

1. e4 e6 2. d3 d5 3. Nd2 Nc6 4. Ngf3 Bd6 5. g3 d4 6. Bg2 e5 7. O-O Nge7 8. Re1
O-O 9. Nf1 Ng6 10. h4 h5 11. Ng5 f6 12. Qxh5 fxg5 13. Qxg6 gxh4 14. Bh6 Qf6 15.
Qxf6 Rxf6 16. Bg5 Rg6 17. Bxh4 Be6 18. Nh2 Nb4 19. Re2 Nxa2 20. f4 exf4 21. e5
fxg3 22. Bxg3 Be7 23. Nf1 c6 24. Be4 Rh6 25. Nd2 Nb4 26. Nf3 Bg4 27. Rf2 Bxf3
28. Rxf3 Nxc2 29. Rc1 Ne3 30. Bf4 Re6 31. Bxe3 dxe3 32. Rxe3 Rxe5 0-1

[Event "European Youth Chess Championship B8"]
[Site "Prague, Top Hotel Prague"]
[Date "2016.08.22"]
[Round "5.16"]
[White "Kuhn, Clement"]
[Black "Shelukhin, Ilya"]
[Result "1-0"]
[WhiteElo "1393"]
[BlackElo "1284"]
[PlyCount "69"]
[EventDate "2016.08.18"]

1. e4 c5 2. Nc3 Nc6 3. f4 g6 4. Nf3 Bg7 5. Bb5 Nd4 6. O-O a6 7. Bd3 e6 8. Nxd4
Bxd4+ 9. Kh1 Ne7 10. Ne2 d5 11. Nxd4 cxd4 12. b3 b5 13. Bb2 Nc6 14. a3 O-O 15.
Qe2 Re8 16. Qf2 Qb6 17. c3 Na5 18. f5 exf5 19. exf5 Qf6 20. fxg6 Qxf2 21. gxh7+
Kh8 22. Rxf2 Nxb3 23. Raf1 dxc3 24. Bxc3+ d4 25. Bb2 f5 26. Bc2 Na5 27. Bxd4+
Kxh7 28. Bxf5+ Bxf5 29. Rxf5 Nc4 30. Rf7+ Kh6 31. R1f6+ Kh5 32. Rh7+ Kg5 33.
Rg7+ Kh5 34. g4+ Kh4 35. Rh6# 1-0

[Event "European Youth Chess Championship B8"]
[Site "Prague, Top Hotel Prague"]
[Date "2016.08.22"]
[Round "5.18"]
[White "Ribstein, Orel"]
[Black "Verma, Shlok"]
[Result "1-0"]
[WhiteElo "1315"]
[BlackElo "1199"]
[PlyCount "53"]
[EventDate "2016.08.18"]

1. d4 e6 2. Nf3 d5 3. Bg5 Nf6 4. Nbd2 Be7 5. e3 O-O 6. Bd3 Nbd7 7. Ne5 b6 8. f4
Bb7 9. Qf3 h6 10. h4 c5 11. c3 Nh7 12. Bxe7 Qxe7 13. g4 Nxe5 14. fxe5 f6 15.
exf6 Nxf6 16. Qg3 c4 17. Bg6 Kh8 18. g5 Ng8 19. Ke2 a5 20. Nf3 Bc8 21. Ne5 Bd7
22. Raf1 Be8 23. Rxf8 Qxf8 24. Rf1 Nf6 25. gxf6 gxf6 26. Bxe8 Rxe8 27. Ng6+ 1-0

[Event "European Youth Chess Championship B8"]
[Site "Prague, Top Hotel Prague"]
[Date "2016.08.22"]
[Round "5.20"]
[White "Orujov, Farid"]
[Black "Lukshin, Dmitri"]
[Result "1-0"]
[WhiteElo "1462"]
[BlackElo "1119"]
[PlyCount "75"]
[EventDate "2016.08.18"]

1. c4 e6 2. d3 Nf6 3. Nf3 d5 4. cxd5 Bb4+ 5. Bd2 Bxd2+ 6. Nbxd2 Nxd5 7. g3 O-O
8. Bg2 Nc6 9. O-O h6 10. Rc1 a5 11. Ne4 a4 12. a3 b5 13. Rxc6 b4 14. axb4 Nxb4
15. Rc4 Qe7 16. Nc5 Nd5 17. Nd4 Rb8 18. Nxa4 Qd6 19. Nc6 Rb7 20. e4 Ne7 21. e5
Qd7 22. Nc5 Qe8 23. Nxe7+ Qxe7 24. Nxb7 Qg5 25. Rxc7 Qxe5 26. Qc2 Bxb7 27. Bxb7
Rd8 28. Rc8 Rxc8 29. Qxc8+ Kh7 30. b4 Qd6 31. b5 Qxd3 32. b6 Qd6 33. Be4+ f5
34. b7 fxe4 35. b8=Q Qd2 36. Qg8+ Kg6 37. Qxe6+ Kh7 38. Qbg8# 1-0

[Event "European Youth Chess Championship B8"]
[Site "Prague, Top Hotel Prague"]
[Date "2016.08.22"]
[Round "5.51"]
[White "Clotet, Mas Dan"]
[Black "Thorisson, Bjartur"]
[Result "1-0"]
[WhiteElo "1037"]
[BlackElo "1014"]
[PlyCount "65"]
[EventDate "2016.08.18"]

1. d4 d5 2. e4 dxe4 3. Nc3 Nf6 4. f3 exf3 5. Nxf3 Bf5 6. Bc4 e6 7. O-O Bd6 8.
Bg5 Qe7 9. Re1 O-O 10. Nd5 Qd8 11. Nxf6+ Kh8 12. Ne4 Qe7 13. Nxd6 cxd6 14. Bd3
Bg4 15. h3 Bh5 16. Re3 f6 17. Bh4 Nc6 18. g4 Be8 19. c3 a5 20. Bc2 b5 21. Qd3
g6 22. Rae1 Qg7 23. Rxe6 Bf7 24. Rxd6 Na7 25. Bxf6 Bxa2 26. Bxg7+ Kxg7 27. Re7+
Bf7 28. Ne5 Kg8 29. Nxf7 Nc8 30. Nh6+ Kh8 31. Rxh7+ Kxh7 32. Qxg6+ Kh8 33. Qh7#
1-0

[Event "European Youth Chess Championship B8"]
[Site "Prague, Top Hotel Prague"]
[Date "2016.08.24"]
[Round "6.1"]
[White "Thatte, Nishchal"]
[Black "Mogirzan, Matei-Valeriu"]
[Result "0-1"]
[WhiteElo "1397"]
[BlackElo "1475"]
[PlyCount "112"]
[EventDate "2016.08.18"]

1. e4 c5 2. c3 d5 3. exd5 Qxd5 4. d4 Nc6 5. Be3 Nf6 6. Nf3 Bf5 7. Be2 e6 8. O-O
cxd4 9. cxd4 Be7 10. Nc3 Qd8 11. a3 O-O 12. Re1 a6 13. Qd2 Rc8 14. Rad1 Na5 15.
d5 Nb3 16. dxe6 Nxd2 17. exf7+ Rxf7 18. Rxd2 Qc7 19. Rc1 Ne4 20. Rdd1 Nxc3 21.
Rxc3 Qb8 22. Bc4 Rxc4 23. Rxc4 Bd6 24. Rcd4 Bf8 25. Rd8 Qc7 26. R8d4 h6 27. Rc1
Qa5 28. Bd2 Qb5 29. b4 Qb6 30. Be3 Qe6 31. Rdc4 Be4 32. Nd2 Bd5 33. Rd4 Bd6 34.
Nf1 Be5 35. Rd3 Bb2 36. Rcd1 Bc6 37. Rd8+ Kh7 38. R8d2 Bxa3 39. Bc5 Qg4 40. Ng3
Bxb4 41. Rd4 Qxd1+ 42. Rxd1 Bxc5 43. Rd2 a5 44. Rc2 Ba7 45. Ra2 a4 46. Kf1
Rxf2+ 47. Rxf2 Bxf2 48. Kxf2 a3 49. Ne2 a2 50. Nc3 a1=Q 51. Ne2 b5 52. Ng3 b4
53. Ne2 b3 54. Nf4 b2 55. Ne2 b1=Q 56. Ng3 Qe1# 0-1

[Event "European Youth Chess Championship B8"]
[Site "Prague, Top Hotel Prague"]
[Date "2016.08.24"]
[Round "6.2"]
[White "Pingin, Artem"]
[Black "Wierzbicki, Dawid"]
[Result "1-0"]
[WhiteElo "1560"]
[BlackElo "1391"]
[PlyCount "93"]
[EventDate "2016.08.18"]

1. e4 d6 2. d4 Nf6 3. Nc3 c6 4. f4 Qb6 5. Rb1 e6 6. Nf3 d5 7. e5 Nfd7 8. Bd3 c5
9. Be3 Nc6 10. dxc5 Bxc5 11. Bxc5 Qxc5 12. Nb5 Qe3+ 13. Qe2 Qxe2+ 14. Bxe2 O-O
15. c3 a6 16. Nd6 f6 17. exf6 Nxf6 18. Nxc8 Raxc8 19. O-O Ne4 20. g3 Na5 21.
Bd3 Nc4 22. Rfd1 Ncd6 23. Re1 Rc7 24. Rbd1 Nc5 25. Bc2 Nce4 26. Nd2 Nxd2 27.
Rxd2 Nc4 28. Rf2 Rc6 29. Bd3 Nb6 30. Rfe2 Re8 31. Bf5 Kf7 32. Bxh7 Nc4 33. Bd3
Nd6 34. f5 Nc8 35. g4 Nb6 36. Kf2 Nd7 37. fxe6+ Rexe6 38. Rxe6 Rxe6 39. Rxe6
Kxe6 40. Bf5+ Kd6 41. Bxd7 Kxd7 42. Ke3 g5 43. Kf3 b5 44. Kg3 b4 45. h4 gxh4+
46. Kxh4 Ke6 47. Kg5 1-0

[Event "European Youth Chess Championship B8"]
[Site "Prague, Top Hotel Prague"]
[Date "2016.08.24"]
[Round "6.3"]
[White "Wielgus, Wojciech"]
[Black "Ivanov, Svetlen"]
[Result "0-1"]
[WhiteElo "1151"]
[BlackElo "1646"]
[PlyCount "106"]
[EventDate "2016.08.18"]

1. e4 c5 2. Nf3 e6 3. d4 cxd4 4. Nxd4 Nc6 5. Nc3 a6 6. g3 Qc7 7. Bg2 Nf6 8. O-O
Be7 9. Bf4 e5 10. Nxc6 dxc6 11. Be3 Be6 12. Qe2 O-O 13. Rad1 Rad8 14. Rxd8 Rxd8
15. Rd1 b5 16. a3 Bc4 17. Rxd8+ Qxd8 18. Qd2 Qxd2 19. Bxd2 Bc5 20. h3 Nd7 21.
Bf1 Nb6 22. Kg2 Bxf1+ 23. Kxf1 Nc4 24. Bc1 Bd4 25. Ke2 Nxa3 26. bxa3 Bxc3 27.
Kd3 Bd4 28. Be3 Bxe3 29. Kxe3 Kf8 30. f4 f6 31. Kd3 Ke7 32. c4 Kd6 33. cxb5
cxb5 34. fxe5+ Kxe5 35. Ke3 a5 36. h4 b4 37. axb4 axb4 38. g4 b3 39. Kd2 Kxe4
40. g5 fxg5 41. hxg5 Kf5 42. g6 h5 43. Kd3 h4 44. Kd2 h3 45. Kc3 h2 46. Kxb3
h1=Q 47. Kc4 Qd1 48. Kc3 Ke4 49. Kc4 Qc2+ 50. Kb4 Kd5 51. Kb5 Qb3+ 52. Ka6 Kc6
53. Ka7 Qb7# 0-1

[Event "European Youth Chess Championship B8"]
[Site "Prague, Top Hotel Prague"]
[Date "2016.08.24"]
[Round "6.5"]
[White "Cohen, Elad"]
[Black "Borowik, Wojciech"]
[Result "0-1"]
[WhiteElo "1456"]
[BlackElo "1347"]
[PlyCount "108"]
[EventDate "2016.08.18"]

1. e4 e5 2. Nf3 Nc6 3. Bb5 Bc5 4. O-O Nf6 5. Bxc6 dxc6 6. Nc3 Bg4 7. d3 h6 8.
Be3 Bd6 9. Nb1 O-O 10. h3 Bh5 11. Nbd2 Qe7 12. Qe1 Nh7 13. Nh2 Qf6 14. f3 Be7
15. Bf2 Ng5 16. c3 Ne6 17. Kh1 c5 18. Nc4 Nf4 19. Rd1 Rad8 20. Qe3 Rd7 21. d4
cxd4 22. cxd4 exd4 23. Rxd4 Bc5 24. e5 Bxd4 25. exf6 Bxe3 26. Bxe3 Ne6 27. f4
Be2 28. Ne5 Rd1 29. Rxd1 Bxd1 30. fxg7 Kxg7 31. b3 f6 32. Neg4 Bxg4 33. Nxg4
Rd8 34. h4 Rd1+ 35. Kh2 c5 36. f5 Nd4 37. Bxh6+ Kh7 38. Bf8 Nxf5 39. Bxc5 b6
40. Bf2 Kg6 41. a4 Rb1 42. h5+ Kxh5 43. Nxf6+ Kg6 44. Nd5 Rxb3 45. a5 bxa5 46.
Bxa7 a4 47. Nf4+ Kf7 48. Ne2 a3 49. Nc1 Rb1 50. Na2 Rb2 51. Nc1 a2 52. Nxa2
Rxa2 53. Kh3 Rxa7 54. g4 Kf6 0-1

[Event "European Youth Chess Championship B8"]
[Site "Prague, Top Hotel Prague"]
[Date "2016.08.24"]
[Round "6.6"]
[White "Milanovic, Marko"]
[Black "Suleymanov, Ali"]
[Result "0-1"]
[WhiteElo "1372"]
[BlackElo "1378"]
[PlyCount "100"]
[EventDate "2016.08.18"]

1. e4 e6 2. d4 d5 3. Nd2 dxe4 4. Nxe4 Nd7 5. Nf3 Ngf6 6. Bd3 Be7 7. O-O O-O 8.
Bf4 b6 9. c3 Bb7 10. Qc2 Nxe4 11. Bxe4 Bxe4 12. Qxe4 Nf6 13. Qc2 Bd6 14. Ne5
Nd7 15. Nc6 Qf6 16. Bxd6 cxd6 17. Nb4 Rac8 18. Qa4 a5 19. Nc2 Qe7 20. Ne3 Nf6
21. Rfe1 Qd7 22. Qxd7 Nxd7 23. Rad1 d5 24. f4 Nf6 25. g4 Ne4 26. Nc2 b5 27. a3
f5 28. g5 h6 29. h4 hxg5 30. hxg5 Kf7 31. Kg2 Rh8 32. Rh1 g6 33. Ne3 Kg7 34.
Nc2 Nd6 35. Rhe1 Kf7 36. Ne3 Rh4 37. Rf1 Kg7 38. Kg3 Rch8 39. Ng2 Ne4+ 40. Kf3
Rh3+ 41. Ke2 Ng3+ 42. Kf2 Nxf1 43. Rxf1 Rh1 44. Ne3 R8h2+ 45. Ng2 Rxf1+ 46.
Kxf1 Rh1+ 47. Ke2 Rb1 48. b4 Rb2+ 49. Kf3 axb4 50. axb4 Rb3 0-1